| 000 -LEADER |
| fixed length control field |
01057cam a2200265 i 4500 |
| 003 - CONTROL NUMBER IDENTIFIER |
| control field |
OSt |
| 005 - DATE AND TIME OF LATEST TRANSACTION |
| control field |
20201209163342.0 |
| 008 - FIXED-LENGTH DATA ELEMENTS--GENERAL INFORMATION |
| fixed length control field |
161216s2017 ilu b s001 0 eng |
| 010 ## - LIBRARY OF CONGRESS CONTROL NUMBER |
| LC control number |
2016058037 |
| 020 ## - INTERNATIONAL STANDARD BOOK NUMBER |
| International Standard Book Number |
9780252041129 (cloth : alk. paper) |
| 020 ## - INTERNATIONAL STANDARD BOOK NUMBER |
| Cancelled/invalid ISBN |
9780252099687 (e-book) |
| 040 ## - CATALOGING SOURCE |
| Original cataloging agency |
DLC |
| Language of cataloging |
eng |
| Transcribing agency |
DLC |
| Description conventions |
rda |
| Modifying agency |
DLC |
| 042 ## - AUTHENTICATION CODE |
| Authentication code |
pcc |
| 050 00 - LIBRARY OF CONGRESS CALL NUMBER |
| Classification number |
NA1123.N4 |
| Item number |
L47 2017 |
| 082 00 - DEWEY DECIMAL CLASSIFICATION NUMBER |
| Classification number |
720.92 |
| Edition number |
23 |
| 100 1# - MAIN ENTRY--PERSONAL NAME |
| Personal name |
Leslie, Thomas, |
| Dates associated with a name |
1967- |
| Relator term |
author. |
| 245 10 - TITLE STATEMENT |
| Title |
Beauty's rigor : |
| Remainder of title |
patterns of production in the work of Pier Luigi Nervi / |
| Statement of responsibility, etc |
Thomas Leslie. |
| 300 ## - PHYSICAL DESCRIPTION |
| Extent |
xvi, 210 pages ; |
| Dimensions |
21 x 29 cm |
| 504 ## - BIBLIOGRAPHY, ETC. NOTE |
| Bibliography, etc |
Includes bibliographical references and index. |
| 600 10 - SUBJECT ADDED ENTRY--PERSONAL NAME |
| Personal name |
Nervi, Pier Luigi |
| General subdivision |
Criticism and interpretation. |
| 776 08 - ADDITIONAL PHYSICAL FORM ENTRY |
| Display text |
Online version: |
| Main entry heading |
Leslie, Thomas, 1967- author. |
| Title |
Beauty's rigor |
| Place, publisher, and date of publication |
Urbana : University of Illinois Press, 2017 |
| International Standard Book Number |
9780252099687 |
| Record control number |
(DLC) 2016058952 |
| 906 ## - LOCAL DATA ELEMENT F, LDF (RLIN) |
| a |
7 |
| b |
cbc |
| c |
orignew |
| d |
1 |
| e |
ecip |
| f |
20 |
| g |
y-gencatlg |
| 942 ## - ADDED ENTRY ELEMENTS (KOHA) |
| Source of classification or shelving scheme |
|
| 955 ## - COPY-LEVEL INFORMATION (RLIN) |
| Book number/undivided call number, CCAL (RLIN) |
rk11 2016-12-16 |
| Copy status, CST (RLIN) |
rk11 2016-12-16 to Dewey |
| Classification number, CCAL (RLIN) |
xn11 2018-01-16 1 copy rec'd., to CIP ver. |